• 首页
  • 本馆介绍
  • 公告通知
  • 最新文献
  • 馆藏检索
  • 电子资源
  • 读者导购
  • 参考咨询
  • 我的图书馆
  • 登录
  • 详细信息显示
  • 放入我的书架
  • 预约/预借图书
  • 作者相关作品
  • 分类相关作品
  • 丛书相关作品
  • 出版社相关作品

书目信息

  • 表格格式
  • 工作单格式
  • 卡片格式
题名:
认知心理学
    
 
作者: 邵志芳 编
分册:  
出版信息: 北京   开明出版社  2012.10
页数: 208页
开本: 26cm
丛书名: 新世纪心理与心理健康教育文库
单 册:
中图分类: B842.1
科图分类:
主题词: 认知心理学
电子资源:
ISBN: 978-7-5131-0232-2
000 00972oam2 2200253 45
001 1360093937
005 20130530094847.51
010    @a978-7-5131-0232-2@dCNY36.00
100    @a20130513d2012 ekmy0chiy0121 ea
101 0  @achi
102    @aCN@b110000
105    @ay z 000yy
106    @ar
200 1  @a认知心理学@ARen Zhi Xin Li Xue@f邵志芳编@FShao Zhi Fang Bian
210    @a北京@c开明出版社@d2012.10
215    @a208页@d26cm
225 2  @a新世纪心理与心理健康教育文库@v6
330    @a“新世纪心理与心理健康教育文库”是一套囊括了心理健康教育基础理论、应用理论和实践探索于一体的大型文库。它包涵了心理健康教育理论和实践的各个主要方面,收录了国内外最新理论科研成果及实践操作方法,对我国心理与心理健康教育领域的理论研究和实践探索具有十分重要的意义。
461  0 @12001 @a新世纪心理与心理健康教育文库
606 0  @a认知心理学
690    @aB842.1@v5
701  0 @a邵志芳@AShao Zhi Fang@4编
801    @aCN@bTANGWEI@c20130522
905    @b0834091-95@dB842.1@e1165@f5
    
    认知心理学/邵志芳编.-北京:开明出版社,2012.10
    208页;26cm.-(新世纪心理与心理健康教育文库;6)
    
    
    ISBN 978-7-5131-0232-2:CNY36.00
    “新世纪心理与心理健康教育文库”是一套囊括了心理健康教育基础理论、应用理论和实践探索于一体的大型文库。它包涵了心理健康教育理论和实践的各个主要方面,收录了国内外最新理论科研成果及实践操作方法,对我国心理与心理健康教育领域的理论研究和实践探索具有十分重要的意义。
●
相关链接 在E读中查询图书 在五车中查询图书 在当当中查询图书 在豆瓣中查询图书


正题名:认知心理学     索取号:B842.1/1165         预约/预借

序号 登录号 条形码 馆藏地/架位号 状态 备注
1 0834091   208340918   第一样本阅览室/ [索取号:B842.1/1165] 在馆    
2 0834092   208340927   第一借阅区/ [索取号:B842.1/1165] 在馆    
3 0834093   208340936   教育系资料室/ [索取号:B842.1/1165] 在馆    
4 0834094   208340945   教育系资料室/ [索取号:B842.1/1165] 在馆    
5 0834095   208340954   教育系资料室/ [索取号:B842.1/1165] 在馆    
唐山师范学院图书馆 欢迎您!
大连网信软件有限公司© 版权所有